01781cam a22003854i 4500003000900000005001700009008004100026020001500067035002700082040003300109082002200142100002700164245005100191264004000242300003800282336002100320337002500341338002300366490002700389504002800416505076400444526001001208526001001218526001001228526001001238526000801248526000801256526000801264526000801272526000801280526000801288526000801296630004701304630004401351PE-LiUPU20250731172941.0150623s r 000 0 d a0385021771 a(Sirsi) i9780385021777 aPE-LiUPUbspacPE-LiUPUerda04a220.7bAB19652211 aScott, R.B.Y.,eautor.10aProverbs, Ecclesiastes.n18 /cR. B. Y. Scott. 1aNew York, N.Y. :bDoubleday,c1965. a251 páginas ;c24 centímetros atext2rdacontent aunmediated2rdamedia avolume2rdacarrier0 aThe Anchor Bible ;v18 aIncluye bibliografía.0 aProverbs. -Title, preface, and motto; the first discourse a poem. - Two poems and an expanded proverb. - The wise sayings of Solomon. - Thethirty precepts: One to five. - The thirty precepts: Nineten to thirty. - Fourter sayings of the sages. - Fourther wise sayings of Solomon. - Dialoge with a skeptic. -Ecclesiastes. - Title of the book; the thesis of the writer. - There is nothing new under the sun. - The futility of human effort and wisdom. - Everything happens at the time God decress for it. - The fact of injustice proves tha man is only a mortal animal. - Man's life is both fated and incomprehensible. - Seven proverbs, with qoheleth's comments. - The frustrating search for wisdom. - A miscellany of precepts, provers, and reflections on life. aSEG42 aSEG41 aSEG40 aSEG39 aP94 aP87 aP86 aP85 aP77 aP76 aP35 aBiblia.pA.T.pEclesiastésxComentarios. aBiblia.pA.T.pProverbiosxComentarios.